Quizzes
Events
Quiz Creation
Community
Videos
Private Events
Remove Ads
Sign In
Join for FREE
Feedback
Dark Mode
Quiz Categories
Sports
Geography
Music
Movies
Television
Just For Fun
Miscellaneous
History
Literature
Language
Science
Gaming
Entertainment
Religion
Holiday
For Kids
Quiz Lab
Recent
Popular Today
Quiz Kudos Today
Editor Picks
Curator Picks
Quizzes by...
Day
Popularity
Type
Ratings
Length
Year
Community
Subscriptions
Recent Discussions
Orange Saloon
Badges
Playlists
Quests
Create
Leaderboards
Showdown
Live 5
Trivia Bingo
Activity
Puzzle Library
Sporcle Events
Private Events
Virtual Trivia
Globe League
Become a Host
Pub Owners
SporcleCon
Opinionation
Our Games
Videos
Blog
Mobile Apps
Partnerships
Remove Ads and Go Orange
Feedback
Sports
Athletes
MLB
NBA
NHL
NFL
Soccer
Sports Teams
WWE
NCAA
Football
Premier League
Basketball
Baseball
Hockey
Golf
Tennis
Cricket
Rugby
Auto Racing
Olympics
World Cup
Sports
Athletes
MLB
NBA
NHL
NFL
Soccer
Sports Teams
WWE
NCAA
Football
Premier League
Basketball
Baseball
Hockey
Golf
Tennis
Cricket
Rugby
Auto Racing
Olympics
World Cup
Random Quiz
Search Sporcle
×
Quiz Lab
Quiz Lab
Sports
NBA
Type in answers that appear in a list
Type in answers that appear in a list
Classic
Best Score? Go Orange.
1990 NBA Finals Rosters Stats
Name the complete rosters of both teams in the 1990 NBA Finals.
By
pabramoff
5m
24 Questions
156 Plays
156 Plays
156 Plays
Comments
Comments
Give Quiz Kudos
Give Quiz Kudos
-
- Ratings
hide this ad
Replay
Link that replays current quiz
Next Quiz
Link to next quiz in quiz playlist
You Got
0%
They Got
Avg Score
61%
Avg Friend Score
Upgrade to see
Score Distribution
Jump to the score distribution portion of the page
Score
0/24
Timer
05:00
0
Plays Today
Team
Answer
% Correct
Detroit Pistons
Joe Dumars
95.5%
Detroit Pistons
Isiah Thomas
95.5%
Portland Trail Blazers
Clyde Drexler
94.9%
Detroit Pistons
Dennis Rodman
94.2%
Detroit Pistons
Bill Laimbeer
92.9%
Portland Trail Blazers
Terry Porter
89.1%
Detroit Pistons
John Salley
85.3%
Detroit Pistons
Vinnie Johnson
84.6%
Detroit Pistons
Mark Aguirre
80.8%
Portland Trail Blazers
Kevin Duckworth
79.5%
Detroit Pistons
James Edwards
78.2%
Portland Trail Blazers
Jerome Kersey
76.9%
Team
Answer
% Correct
Portland Trail Blazers
Buck Williams
75%
Portland Trail Blazers
Cliff Robinson
73.1%
Portland Trail Blazers
Drazen Petrovic
51.9%
Portland Trail Blazers
Danny Young
50%
Portland Trail Blazers
Wayne Cooper
45.5%
Portland Trail Blazers
Mark Bryant
42.9%
Detroit Pistons
Gerald Henderson
26.3%
Detroit Pistons
William Bedford
16.7%
Detroit Pistons
Scott Hastings
15.4%
Detroit Pistons
David Greenwood
11.5%
Portland Trail Blazers
Byron Irvin
9%
Portland Trail Blazers
Nate Johnston
8.3%
Quiz Playlist
Details
Report
Send in Message
Add To Playlist
Classic:
Type in answers that appear in a list
Last Updated: Jun 18, 2018
Quiz Scoreboard
CHALLENGE
Sign Up to Join the Scoreboard
Show All
Scores
Hide
Comments
May contain spoilers
Recently Published
9x9 Crossword: Cartoon Network
by jackfrog10
Miscellaneous
3m
College Basketball Coaching Resumes
by pancakes188
Sports
9m
Billboard Blitz: Fleetwood Mac
by CooCooCachoo
Music
15s
More to Explore
Quiz From the Vault
Featured Blog Post
Where Did the Easter Bunny Come From?
hide this ad
You Might Also Like...
Tags
NBA Quiz
1990
1990s
complete
Detroit Pistons
Finals Roster
NBA Finals
Portland Trail Blazers
Roster
team
Today's Top Quizzes in Sports
Browse Sports
hide this ad
Today's Top Quizzes in NBA
Browse NBA
Top Contributed Quizzes in Sports
1
2022 World Cup Stars
2
Les meilleurs buteurs des matchs entre le PSG et l’OM
3
FIFA Club World Cup Champions
4
Les entraîneurs de l'OM et du PSG au 21e siècle
5
Criteria MLB: Left Handed Sluggers
6
AFC Teams Reveal (Wrong Answers Minefield)
7
2023 MLB Unique Player Accomplishments
8
5-to-1: FBS Animal Nicknames
9
Players with Multiple 50 Home Run Seasons
10
5-to-1: UK Sports Teams
Explore More
Trending Topics
Disney
Crossword
Kpop
Harry Potter
Marvel
Anime
NBA
NFL
Puzzle
Country
Pokémon
Soccer
Song
WWE
The Office
hide this ad
More By:
pabramoff
Quiz
Plays
Rating
Category
Featured
Created
NBA Stars by Top of Head
50,129
4.61
Sports
Nov 28, 2019
US Presidents by Actors
34,544
4.61
History
Jul 18, 2019
Rock Quartets by First Names
24,544
4.73
Music
Oct 1, 2019
20 SNL Characters
20,363
4.68
Television
Jul 15, 2020
Big League Birds
11,427
4.70
Sports
Jun 8, 2017
Go to Creator's Profile
Score Distribution
Quiz Creator Spotlight
pabramoff
Follow
Send a Message
Quizzes Created
-
Created Quiz Play Count
-
More By This Creator
Popular Quizzes Today
1
Find the US States - No Outlines Minefield
2
Find the Countries of Europe - No Outlines Minefield
3
The Countries of the World
4
Find the US States
5
Risky Map Clicking: Biggest States A-Z
6
US States
7
Popular People in 1961
8
Movies - When Are They Set?
More Sports Quizzes
Premier League goalscorers: Africa (2010s)
Curator's Pick
Trending Quizzes
Risky Map Clicking: Least Populous States A-Z
1-10 Letter G Words
1-10 Letter F Words
Risky Map Clicking: Next State Alphabetically
Adjectives in 80s TV Shows
Recently Updated
Leaping Animals
pecheneg
Reality TV Shows (A-Z)
bhenderson79
Rickey Henderson's Hall of Fame Teammates
pecheneg
Champions League XIs: Arsenal
pecheneg
Quick Pick: Celebrities in WWE's Hall of Fame
aduchscher
A-Z Keypad Blitz II
pecheneg
Multiple Oscar Actors
pecheneg
Mystery Phrase Blitz: Oscar 'Best Actors'
pecheneg
F. Scott Fitzgerald Novels
LTH
Pick 3 Villains
ddd62291
Trending Topics
Disney
Crossword
Anime
Kpop
Marvel
Harry Potter
NBA
Pokémon
Soccer
The Office
NFL
WWE
Song
Country
Puzzle
Your Account Isn't Verified!
In order to create a playlist on Sporcle, you need to verify the email address you used during registration. Go to your
Sporcle Settings
to finish the process.
Report this User
Report this user for behavior that violates our
Community Guidelines
.
Details:
Send Report
Go to the Sporcle.com Mobile Site →
Comments